000 00794nam a22001817a 4500
999 _c62629
_d62629
003 Ge_BSU
005 20241223155217.0
008 241223s1986 ge ||||| |||| 00| 0 geo d
041 _ageo
080 _a615.849(075.8) გ-51
100 _aგიორგაძე, კ.
_924021
245 _aსამედიცინო რადიოლოგია :
_b[სახელმძღვანელო სამედ. ინ-ტის სტუდენტებისათვის] /
_cკ. გიორგაძე.
264 _aთბ. :
_b განათლება,
_c1986.
300 _a237 გვ. :
_b ილ., 1ფ. ;
_c22 სმ.
653 _aსამედიცინო რადიოლოგია
653 _aმედიცინა
942 _2udc
_cᲬᲘᲒᲜᲘ